=LDR 00000nam 2200000 4500 =001 INLIS000000000009492 =005 20130612101301 =008 ***********************************Ind** =035 ##$$0010-061300000009492 =041 ##$$a Ind =082 ##$$a 371. 1 =090 ##$$a 371. 1, Mur-m =100 ##$$a Mursell, J =245 ##$$a Mengajar Dengan Sukses=Succesful teaching, J. Mursell, S. Nasution =260 ##$$a 2002 $b jakarta =300 ##$$a viii, 130 hlm, 21 cm =650 ##$$a Mengajar Sukses =700 ##$$a Nasutioan, S =850 ##$$a NBPNMAT